[Event "PRO League Group Stage"]
[Site "chess.com INT"]
[Date "2019.02.28"]
[Round "8"]
[White "Diaz Camallonga, Carles"]
[Black "Fressinet, Laurent"]
[Result "1-0"]
[WhiteTitle "IM"]
[BlackTitle "GM"]
[WhiteElo "2432"]
[BlackElo "2655"]
[WhiteTeam "Barcelona Raptors"]
[BlackTeam "Marseille Migraines"]
[WhiteFideId "22235256"]
[BlackFideId "608742"]
[EventDate "2019.01.08"]

1. e4 e5 2. Nf3 Nc6 3. Bb5 a6 4. Ba4 d6 5. c3 f5 6. exf5 Bxf5 7. O-O Bd3 8. Re1
Be7 9. Bc2 Bxc2 10. Qxc2 Nf6 11. d4 e4 12. Ng5 d5 13. f3 h6 14. Nh3 O-O 15. Nd2
exf3 16. Nxf3 Qd7 17. Nf2 Bd6 18. Bd2 Ng4 19. Nxg4 Qxg4 20. Rf1 Rae8 21. Rae1
Rxe1 22. Bxe1 Ne7 23. Qe2 Nf5 24. Qe6+ Kh7 25. h3 Qe4 26. Qxe4 dxe4 27. Nd2 e3
28. Nc4 Be7 29. g4 b5 30. Rxf5 Rxf5 31. gxf5 bxc4 32. Kg2 h5 33. Kf3 Bg5 34. h4
Be7 35. Kxe3 Kg8 36. d5 Bd6 37. Kf3 Kf7 38. Bg3 Be7 39. Bxc7 Bxh4 40. b3 cxb3
41. axb3 Bf6 42. c4 Ke8 43. c5 Kd7 44. Bf4 Kc8 45. c6 Kd8 46. Kg3 Kc8 47. Kh3
Kd8 48. d6 Kc8 49. Bg3 1-0

[Event "PRO League Group Stage"]
[Site "chess.com INT"]
[Date "2019.02.28"]
[Round "8"]
[White "Moussard, Jules"]
[Black "Asis Gargatagli, Hipolito"]
[Result "1/2-1/2"]
[WhiteTitle "GM"]
[BlackTitle "IM"]
[WhiteElo "2605"]
[BlackElo "2529"]
[WhiteTeam "Marseille Migraines"]
[BlackTeam "Barcelona Raptors"]
[WhiteFideId "642908"]
[BlackFideId "2260735"]
[EventDate "2019.01.08"]

1. Nf3 g6 2. d4 Nf6 3. b3 Bg7 4. Bb2 O-O 5. g3 b6 6. Bg2 Bb7 7. c4 e6 8. O-O Na6
9. Nc3 Ne4 10. Qc2 Nxc3 11. Bxc3 d5 12. cxd5 exd5 13. Rad1 Qe7 14. e3 c5 15.
dxc5 Qxc5 16. Rc1 Rac8 17. Nd4 Rfd8 18. Qb2 Qf8 19. Nb5 Bxc3 20. Rxc3 Rxc3 21.
Qxc3 Nc5 22. Rd1 Qe7 23. h4 h5 24. Qb4 Bc6 25. Nc3 Qb7 26. Ne2 Ne6 27. Nd4 Nxd4
28. Qxd4 Qe7 29. e4 Bb7 30. exd5 Qd6 31. Re1 Rc8 32. a4 a5 33. Bf3 Rd8 34. Rd1
Rc8 35. Kg2 Rd8 36. Rd3 Rc8 37. Re3 Rd8 38. Re5 f6 39. Re3 Bxd5 40. Bxd5+ Qxd5+
41. Qxd5+ Rxd5 42. Re6 Kf7 43. Rxb6 Rd3 44. Rb5 Kg7 45. Kf1 Kh6 46. Ke2 Rc3 47.
Rb6 Kg7 48. Rb5 Kh6 49. Rxa5 Rxb3 50. Ra6 Ra3 51. a5 Kg7 52. Ra7+ Kh6 53. Ra8 g5
54. hxg5+ Kxg5 55. a6 Ra2+ 56. Ke3 Ra3+ 57. Kd4 Kg4 58. Ke4 Ra4+ 59. Ke3 Ra3+
60. Ke4 Ra4+ 61. Kd5 Kf3 62. Kc5 1/2-1/2

[Event "PRO League Group Stage"]
[Site "chess.com INT"]
[Date "2019.02.28"]
[Round "8"]
[White "Maurizzi, Marc Andria"]
[Black "Forcen Esteban, Daniel"]
[Result "0-1"]
[WhiteTitle "CM"]
[BlackTitle "GM"]
[WhiteElo "2028"]
[BlackElo "2567"]
[WhiteTeam "Marseille Migraines"]
[BlackTeam "Barcelona Raptors"]
[WhiteFideId "36083534"]
[BlackFideId "2288230"]
[EventDate "2019.01.08"]

1. e4 e5 2. Nf3 Nc6 3. Bc4 Nf6 4. d3 h6 5. O-O d6 6. c3 g5 7. d4 g4 8. Ne1 Nxe4
9. f3 Nf6 10. fxg4 d5 11. Bb5 Bxg4 12. Qa4 Bd7 13. dxe5 Bc5+ 14. Kh1 Nxe5 15.
Qf4 Neg4 16. Bxd7+ Qxd7 17. Nd3 Bd6 18. Re1+ Ne4 19. Rxe4+ dxe4 20. Qxe4+ Qe6
21. Qxe6+ fxe6 22. Nd2 Bxh2 23. Ne4 O-O-O 24. Ndf2 Nxf2+ 25. Nxf2 Bg3 26. Be3 h5
27. Ne4 h4 28. Bg5 Rd5 29. Bf6 Rf8 30. Bg7 Rf7 31. Bh6 Re5 32. Ng5 Rf2 33. Nf3
Ree2 34. Rd1 Rxg2 35. Bg5 b6 36. b3 Rxa2 37. c4 Rgf2 38. c5 bxc5 39. Nd2 h3 40.
Be3 Rh2+ 41. Kg1 Rg2+ 42. Kh1 Re2 43. Bh6 e5 44. Bg5 e4 45. b4 cxb4 46. Be3 a5
47. Bf2 Rxf2 48. Nf1 Bf4 49. Kg1 b3 50. Ng3 Rg2+ 51. Kf1 Rxg3 52. Re1 Rgg2 53.
Rd1 h2 54. Rd8+ Kxd8 0-1

[Event "PRO League Group Stage"]
[Site "chess.com INT"]
[Date "2019.02.28"]
[Round "8"]
[White "Osmanodja, Filiz"]
[Black "Klein, David"]
[Result "0-1"]
[WhiteTitle "WIM"]
[BlackTitle "GM"]
[WhiteElo "2318"]
[BlackElo "2492"]
[WhiteTeam "Berlin Bears"]
[BlackTeam "Amsterdam Mosquitoes"]
[WhiteFideId "24633569"]
[BlackFideId "1003623"]
[EventDate "2019.01.08"]

1. e4 c5 2. Nc3 a6 3. Nf3 e6 4. d4 cxd4 5. Nxd4 Qc7 6. Bd3 b5 7. O-O Nf6 8. Qe2
Bb7 9. Bg5 Bd6 10. g3 h6 11. Bxf6 gxf6 12. a4 b4 13. Nd1 h5 14. Ne3 h4 15. Kg2
Be5 16. Nf3 h3+ 17. Kg1 Bxb2 18. Rab1 Bc3 19. Nd1 a5 20. Rb3 Be5 21. Nxe5 fxe5
22. Ne3 Nc6 23. c3 Rc8 24. Rfb1 Ba8 25. Qf3 f5 26. Nxf5 exf5 27. Qxf5 Ne7 28.
Qf6 Rf8 29. Qh6 Qc5 30. Rf1 bxc3 31. Ba6 Qc6 32. Qh5+ Kd8 33. Bxc8 Qxe4 34. f3
Qd4+ 35. Rf2 Qd1+ 36. Rf1 Qxb3 37. Qh6 Rxf3 38. Qh8+ Qg8 39. Qxe5 Rxf1+ 40. Kxf1
Qc4+ 41. Kg1 Nc6 42. Qh8+ Kc7 43. Bxd7 Qd4+ 44. Kf1 Qxh8 0-1

[Event "PRO League Group Stage"]
[Site "chess.com INT"]
[Date "2019.02.28"]
[Round "8"]
[White "Mons, Leon"]
[Black "Admiraal, Miguoel"]
[Result "1-0"]
[WhiteTitle "GM"]
[BlackTitle "IM"]
[WhiteElo "2544"]
[BlackElo "2478"]
[WhiteTeam "Berlin Bears"]
[BlackTeam "Amsterdam Mosquitoes"]
[WhiteFideId "4614950"]
[BlackFideId "1019716"]
[EventDate "2019.01.08"]

1. Nf3 d5 2. e3 Nf6 3. c4 c6 4. Nc3 Nbd7 5. b3 e5 6. Bb2 d4 7. exd4 exd4 8. Nxd4
Nc5 9. Qe2+ Be7 10. Nf3 Bf5 11. Qe5 Bd3 12. Ba3 Nfd7 13. Qe3 Bxf1 14. Kxf1 Ne6
15. Bxe7 Qxe7 16. d4 Nf6 17. Re1 Rd8 18. Ne4 O-O 19. Neg5 Rd6 20. c5 Rd7 21.
Nxe6 Nd5 22. Qe5 fxe6 23. Qxe6+ Qxe6 24. Rxe6 Nb4 25. Re2 Nd3 26. Rd2 Nf4 27. g3
Nd5 28. Kg2 Rdf7 29. Ne5 Rf5 30. Re1 h6 31. Nc4 1-0

[Event "PRO League Group Stage"]
[Site "chess.com INT"]
[Date "2019.02.28"]
[Round "8"]
[White "Ducarmon, Quinten"]
[Black "Braun, Arik"]
[Result "0-1"]
[WhiteTitle "IM"]
[BlackTitle "GM"]
[WhiteElo "2479"]
[BlackElo "2598"]
[WhiteTeam "Amsterdam Mosquitoes"]
[BlackTeam "Berlin Bears"]
[WhiteFideId "1025007"]
[BlackFideId "4663527"]
[EventDate "2019.01.08"]

1. e4 c6 2. Nc3 d5 3. Nf3 Bg4 4. h3 Bxf3 5. Qxf3 e6 6. d4 Nf6 7. Bd3 Be7 8. O-O
dxe4 9. Nxe4 Qxd4 10. c3 Qd8 11. Rd1 Nbd7 12. Bc2 Qc7 13. Bf4 e5 14. Bg3 Nd5 15.
Bb3 O-O 16. Bxd5 cxd5 17. Rxd5 f5 18. Qd1 Rad8 19. Nd6 f4 20. Nb5 Qc6 21. Bh2 a6
22. Na3 Nc5 23. Rxd8 Rxd8 24. Qe2 Nd3 25. Rd1 e4 26. Nc2 Qg6 27. Nd4 f3 28. Qf1
Rf8 29. Bg3 Bc5 30. Kh2 Bxd4 31. cxd4 h5 32. h4 Qg4 33. Rd2 fxg2 34. Qxg2 Ne1 0-1

[Event "PRO League Group Stage"]
[Site "chess.com INT"]
[Date "2019.02.28"]
[Round "8"]
[White "Vrolijk, Liam"]
[Black "Huschenbeth, Niclas"]
[Result "1-0"]
[WhiteTitle "IM"]
[BlackTitle "GM"]
[WhiteElo "2433"]
[BlackElo "2585"]
[WhiteTeam "Amsterdam Mosquitoes"]
[BlackTeam "Berlin Bears"]
[WhiteFideId "1048333"]
[BlackFideId "24604747"]
[EventDate "2019.01.08"]

1. d4 d5 2. c4 e6 3. Nf3 c6 4. Bg5 Be7 5. Bxe7 Qxe7 6. Qc2 Nf6 7. e3 O-O 8. Bd3
dxc4 9. Bxc4 c5 10. O-O Nc6 11. dxc5 Qxc5 12. Nbd2 Bd7 13. a3 Rac8 14. b4 Qh5
15. Qb2 Rfd8 16. Rfd1 Ne7 17. Be2 Ba4 18. Rdc1 Bb5 19. Nc4 Bxc4 20. Bxc4 Ne4 21.
Be2 Nd5 22. Nd4 Qe5 23. Bf3 h6 24. Rxc8 Rxc8 25. Rc1 Rc3 26. Rxc3 Ndxc3 27. Qc2
Qd5 28. h3 g6 29. Qb3 Qxb3 30. Nxb3 b6 31. Nd4 a5 32. bxa5 bxa5 33. Bxe4 Nxe4
34. Kf1 Nc3 35. Ke1 a4 36. Nc2 Kf8 37. f3 Ke7 38. Kd2 Nd5 39. Kd3 Kd6 40. Kc4 f5
41. Kb5 f4 42. exf4 Nxf4 43. Ne1 Kd5 44. Kxa4 Kc4 45. h4 e5 46. Ka5 Kc3 47. g3
Nd5 48. Kb5 Kd2 49. Kc5 Nc3 50. Kc4 Na4 51. Nd3 Nb6+ 52. Kb5 Nd7 53. Nc5 Nf6 54.
a4 Ke3 55. a5 Nd5 56. Ne6 Kxf3 57. a6 Nc3+ 58. Ka5 1-0

[Event "PRO League Group Stage"]
[Site "chess.com INT"]
[Date "2019.02.28"]
[Round "8"]
[White "Mihajlov, Sebastian"]
[Black "Meier, Georg"]
[Result "0-1"]
[WhiteTitle "IM"]
[BlackTitle "GM"]
[WhiteElo "2363"]
[BlackElo "2623"]
[WhiteTeam "Norway Gnomes"]
[BlackTeam "Baden-Baden Snowballs"]
[WhiteFideId "1512110"]
[BlackFideId "4675789"]
[EventDate "2019.01.08"]

1. e4 e6 2. d4 d5 3. exd5 Qxd5 4. Nf3 Nf6 5. c4 Bb4+ 6. Bd2 Bxd2+ 7. Qxd2 Qd6 8.
Nc3 b6 9. g3 Bb7 10. Bg2 O-O 11. O-O Nc6 12. Rad1 Rad8 13. Nb5 Qe7 14. Qf4 Na5
15. b3 a6 16. Nc3 Qd6 17. Qe3 h6 18. h3 Rfe8 19. Rfe1 Qb4 20. Rc1 b5 21. cxb5
axb5 22. Qe5 Bxf3 23. Bxf3 c6 24. Red1 Qe7 25. Ne4 Nd5 26. Nc5 Qa7 27. Rd2 Nb7
28. Nxb7 Qxb7 29. Rc5 Rc8 30. Qe1 Red8 31. Qc1 Ne7 32. Qc3 Rd6 33. Qb4 Qd7 34.
a4 bxa4 35. bxa4 Nf5 36. Rc4 Rd8 37. Bg2 Nxd4 38. Kh1 e5 39. a5 Qa7 40. Qc5 Qxc5
41. Rxc5 f6 42. a6 Ra8 43. Ra2 Ra7 44. Rc1 Kf7 45. Rb1 Ke6 46. Rb7 Rd7 47. Rb6
Kd6 48. f4 Rdc7 49. fxe5+ fxe5 50. g4 Rc8 51. Kh2 Rca8 52. Rf2 Rxa6 53. Rb7 R6a7
54. Rff7 Rxb7 55. Rxb7 Ne6 56. Be4 Nc5 0-1

[Event "PRO League Group Stage"]
[Site "chess.com INT"]
[Date "2019.02.28"]
[Round "8"]
[White "Hauge, Lars Oskar"]
[Black "Kollars, Dmitrij"]
[Result "1-0"]
[WhiteTitle "IM"]
[BlackTitle "GM"]
[WhiteElo "2466"]
[BlackElo "2562"]
[WhiteTeam "Norway Gnomes"]
[BlackTeam "Baden-Baden Snowballs"]
[WhiteFideId "1509276"]
[BlackFideId "12909572"]
[EventDate "2019.01.08"]

1. d4 d5 2. Nf3 Nf6 3. Bf4 c5 4. e3 Nc6 5. Nc3 a6 6. dxc5 Bg4 7. Be2 e6 8. Na4
Nd7 9. h3 Bh5 10. c4 dxc4 11. Bd6 Bxd6 12. cxd6 O-O 13. Nc3 b5 14. O-O Nc5 15.
Rc1 Rc8 16. a3 Bxf3 17. Bxf3 Nd3 18. Rc2 Qxd6 19. Be2 Rfd8 20. Rd2 Na5 21. Qb1
Nb3 22. Rdd1 e5 23. Qc2 Nbc5 24. Bf3 Qe6 25. e4 Nb3 26. Bg4 Qg6 27. Bxc8 Nd4 28.
Qb1 Rxc8 29. Rxd3 cxd3 30. Qxd3 h6 31. Rd1 Qg5 32. Kf1 Rc4 33. g3 h5 34. Qe3
Qxe3 35. fxe3 Nc2 36. Ke2 Nxa3 37. Kd3 b4 38. Nd5 Rc5 39. bxa3 bxa3 40. Ra1 Ra5
41. Nc3 Kh7 42. Kc4 1-0

[Event "PRO League Group Stage"]
[Site "chess.com INT"]
[Date "2019.02.28"]
[Round "8"]
[White "Diamant, Andre"]
[Black "Holm, Kristian Stuvik"]
[Result "1/2-1/2"]
[WhiteTitle "GM"]
[BlackTitle "IM"]
[WhiteElo "2533"]
[BlackElo "2468"]
[WhiteTeam "Baden-Baden Snowballs"]
[BlackTeam "Norway Gnomes"]
[WhiteFideId "2108356"]
[BlackFideId "1508083"]
[EventDate "2019.01.08"]

1. e4 e5 2. Nf3 Nc6 3. Bb5 Nf6 4. d3 Bc5 5. Bxc6 dxc6 6. Be3 Bd6 7. Nc3 c5 8. h3
h6 9. Nd2 Be6 10. Nc4 Qe7 11. Qe2 c6 12. Qd2 Bc7 13. a4 O-O-O 14. Qe2 Bxc4 15.
dxc4 Ba5 16. Bd2 Rd4 17. O-O-O Rhd8 18. f3 Qe6 19. Nb1 Bxd2+ 20. Nxd2 Nh5 21.
Qf2 Qd7 22. h4 b6 23. Rhe1 Kb7 24. Rg1 Nf4 25. Rge1 h5 26. g3 Ne6 27. Qe2 Qe7
28. Nf1 Rxd1+ 29. Rxd1 Nd4 30. Qe3 Qd7 31. Nd2 f6 32. c3 1/2-1/2

[Event "PRO League Group Stage"]
[Site "chess.com INT"]
[Date "2019.02.28"]
[Round "8"]
[White "Agrest, Inna"]
[Black "Hammer, Jon Ludvig"]
[Result "0-1"]
[WhiteTitle "WIM"]
[BlackTitle "GM"]
[WhiteElo "2275"]
[BlackElo "2652"]
[WhiteTeam "Baden-Baden Snowballs"]
[BlackTeam "Norway Gnomes"]
[WhiteFideId "1708830"]
[BlackFideId "1503707"]
[EventDate "2019.01.08"]

1. e4 c6 2. d4 d5 3. f3 e6 4. Nc3 Bb4 5. Qd3 b6 6. Ne2 Ba6 7. Qe3 Nf6 8. a3
Bxc3+ 9. Nxc3 Bxf1 10. Rxf1 O-O 11. e5 Nfd7 12. g4 c5 13. Ne2 Nc6 14. c3 f6 15.
exf6 Qxf6 16. Qg5 e5 17. Qxf6 Rxf6 18. Bg5 Rg6 19. Bh4 exd4 20. cxd4 Re8 21. Kd2
Na5 22. Rae1 Nb3+ 23. Kd1 cxd4 24. Nf4 Rc8 25. Nxg6 Rc1+ 26. Ke2 Rc2+ 27. Kd3
Rd2# 0-1

[Event "PRO League Group Stage"]
[Site "chess.com INT"]
[Date "2019.02.28"]
[Round "8"]
[White "Borisek, Jure"]
[Black "Velten, Paul"]
[Result "1-0"]
[WhiteTitle "GM"]
[BlackTitle "GM"]
[WhiteElo "2584"]
[BlackElo "2496"]
[WhiteTeam "Ljubljana Turtles"]
[BlackTeam "Cannes Blitzstreams"]
[WhiteFideId "14603152"]
[BlackFideId "681091"]
[EventDate "2019.01.08"]

1. e4 e5 2. Nf3 Nf6 3. Nxe5 d6 4. Nf3 Nxe4 5. Nc3 Nxc3 6. dxc3 Be7 7. Be3 O-O 8.
Qd2 Nd7 9. O-O-O c6 10. h4 Nf6 11. Kb1 Qa5 12. Bd3 Be6 13. a3 Bg4 14. Rde1 Rfe8
15. Ng5 Bf8 16. f3 Bd7 17. g4 h6 18. Bd4 Rxe1+ 19. Qxe1 Re8 20. Qc1 Be7 21. c4
Qd8 22. Qf4 b5 23. cxb5 c5 24. Bxf6 Bxf6 25. Qxd6 hxg5 26. hxg5 Bxg5 27. Bh7+
Kh8 28. Bf5+ Kg8 29. Qxd7 g6 30. Qxd8 Rxd8 31. Bd3 Bf4 32. Re1 Kf8 33. Re4 Bc7
34. Ka2 g5 35. Kb3 Bf4 36. Ra4 Rd7 37. Ra6 Rc7 38. Kc4 Ke7 39. a4 Bc1 40. b3 Be3
41. a5 Rd7 42. c3 Rc7 43. Be4 Bf4 44. b6 axb6 45. Rxb6 Ra7 46. a6 Kd8 47. Kxc5
Be3+ 48. Kb5 Bxb6 49. Kxb6 1-0

[Event "PRO League Group Stage"]
[Site "chess.com INT"]
[Date "2019.02.28"]
[Round "8"]
[White "Skoberne, Jure"]
[Black "Bordi, Kevin"]
[Result "1-0"]
[WhiteTitle "GM"]
[WhiteElo "2582"]
[BlackElo "2288"]
[WhiteTeam "Ljubljana Turtles"]
[BlackTeam "Cannes Blitzstreams"]
[WhiteFideId "14604299"]
[BlackFideId "621862"]
[EventDate "2019.01.08"]

1. Nf3 d5 2. g3 Nf6 3. Bg2 c6 4. c4 Bf5 5. O-O e6 6. cxd5 cxd5 7. Nc3 Nc6 8. d3
Be7 9. a3 Rc8 10. Bd2 O-O 11. b4 a6 12. Rc1 e5 13. Bg5 Be6 14. d4 e4 15. Ne5 Nd7
16. Bxe7 Qxe7 17. Nxd7 Qxd7 18. Na4 Qe7 19. f3 exf3 20. Bxf3 Bf5 21. Qd2 Be4 22.
Nc5 Bxf3 23. exf3 b6 24. Nxa6 Qf6 25. Rcd1 Rfe8 26. Qd3 Re7 27. b5 Na5 28. Nb4
Rd7 29. Rfe1 h5 30. Re5 Nc4 31. Rc1 Qh6 32. f4 Rcd8 33. Rxd5 Rxd5 34. Nxd5 Rxd5
35. Rxc4 Qe6 36. Rc6 Qe1+ 37. Kg2 g6 38. Rxb6 h4 39. Rc6 h3+ 40. Kxh3 Qg1 41.
Rxg6+ Kf8 42. Rh6 Rxd4 43. Rh8+ Kg7 44. Qh7+ Kf6 45. Qh6+ Ke7 46. Qg5+ Ke6 47.
Re8+ Kd6 48. Qe5+ 1-0

[Event "PRO League Group Stage"]
[Site "chess.com INT"]
[Date "2019.02.28"]
[Round "8"]
[White "Lagarde, Maxime"]
[Black "Unuk, Laura"]
[Result "1-0"]
[WhiteTitle "GM"]
[BlackTitle "WIM"]
[WhiteElo "2604"]
[BlackElo "2234"]
[WhiteTeam "Cannes Blitzstreams"]
[BlackTeam "Ljubljana Turtles"]
[WhiteFideId "662399"]
[BlackFideId "14609215"]
[EventDate "2019.01.08"]

1. b3 b5 2. Bb2 Bb7 3. e3 a6 4. a4 b4 5. a5 Nf6 6. Nf3 e6 7. d4 d5 8. Bd3 Be7 9.
O-O O-O 10. Ne5 Ne4 11. f3 Nd6 12. Nd2 f6 13. Ng4 Nd7 14. Qe1 f5 15. Nf2 c5 16.
dxc5 Nxc5 17. f4 Bf6 18. Bxf6 Qxf6 19. Nf3 Bc6 20. Qxb4 Nxd3 21. cxd3 Nf7 22.
Qd4 Rab8 23. Rfc1 Rfc8 24. Rc3 Bd7 25. Rac1 Qxd4 26. Nxd4 Nd6 27. Rxc8+ Rxc8 28.
Rxc8+ Nxc8 29. Kf1 Kf7 30. Ke2 Nd6 31. Kd2 Kf6 32. Kc3 g5 33. g3 gxf4 34. exf4
e5 35. fxe5+ Kxe5 36. Nf3+ Kf6 37. Kd4 Be6 38. Kc5 Nc8 39. Nh3 h6 40. Nf4 Ne7
41. b4 Bc8 42. d4 Bb7 43. Ne5 Kg5 44. Kd6 Ng8 45. Ke6 Bc8+ 46. Kf7 Nf6 47. h4# 1-0

[Event "PRO League Group Stage"]
[Site "chess.com INT"]
[Date "2019.02.28"]
[Round "8"]
[White "Cornette, Matthieu"]
[Black "Stevanic, David"]
[Result "1-0"]
[WhiteTitle "GM"]
[BlackTitle "FM"]
[WhiteElo "2587"]
[BlackElo "2304"]
[WhiteTeam "Cannes Blitzstreams"]
[BlackTeam "Ljubljana Turtles"]
[WhiteFideId "620084"]
[BlackFideId "14613921"]
[EventDate "2019.01.08"]

1. e4 e5 2. Nf3 Nc6 3. Bb5 a6 4. Ba4 Nf6 5. d3 b5 6. Bb3 Bc5 7. Nc3 d6 8. Nd5 h6
9. c3 O-O 10. Nxf6+ Qxf6 11. Bd5 Bd7 12. Rg1 h5 13. h3 Rab8 14. g4 hxg4 15. hxg4
g6 16. Bg5 Qg7 17. Qd2 Rfe8 18. b4 Bb6 19. Rg3 Ne7 20. Bb3 a5 21. Bh6 Qf6 22.
Ng5 d5 23. Rf3 Qh8 24. Nxf7 Qh7 25. Nxe5 Be6 26. Rf6 a4 27. Rxe6 axb3 28. Qg5
Kh8 29. Nxg6+ Nxg6 30. Rxg6 Bxf2+ 31. Kxf2 Rf8+ 32. Kg2 Qf7 33. Bg7+ Kh7 34.
Rh1+ 1-0

[Event "PRO League Group Stage"]
[Site "chess.com INT"]
[Date "2019.02.28"]
[Round "8"]
[White "Vachier-Lagrave, Maxime"]
[Black "Diaz Camallonga, Carles"]
[Result "1-0"]
[WhiteTitle "GM"]
[BlackTitle "IM"]
[WhiteElo "2780"]
[BlackElo "2432"]
[WhiteTeam "Marseille Migraines"]
[BlackTeam "Barcelona Raptors"]
[WhiteFideId "623539"]
[BlackFideId "22235256"]
[EventDate "2019.01.08"]

1. e4 e6 2. d4 d5 3. e5 c5 4. c3 Nc6 5. Nf3 Bd7 6. Be2 Nge7 7. O-O Ng6 8. a3 Be7
9. b4 cxd4 10. cxd4 b5 11. Nc3 a5 12. bxa5 b4 13. axb4 Bxb4 14. Nb5 Rxa5 15. Bg5
Qb6 16. Rxa5 Qxa5 17. h4 h6 18. Be3 O-O 19. Qa1 Ra8 20. Qxa5 Rxa5 21. Rb1 Nge7
22. g4 Bc8 23. Nd6 Ba6 24. Bxa6 Rxa6 25. h5 Ra8 26. Kg2 Rd8 27. Bf4 f6 28. exf6
gxf6 29. Nb5 Kg7 30. Nc7 Kf7 31. Bxh6 Bd6 32. Nb5 Bb8 33. Be3 Rg8 34. Kh3 f5 35.
g5 Rh8 36. h6 Ng6 37. Nc3 Nce7 38. Rb7 Bd6 39. Nb5 Bb8 40. Nh4 Re8 41. h7 Nf4+
42. Bxf4 Bxf4 43. Rxe7+ Kxe7 44. Ng6+ 1-0

[Event "PRO League Group Stage"]
[Site "chess.com INT"]
[Date "2019.02.28"]
[Round "8"]
[White "Fressinet, Laurent"]
[Black "Alvarado Diaz, Alejandro"]
[Result "1-0"]
[WhiteTitle "GM"]
[BlackTitle "IM"]
[WhiteElo "2655"]
[BlackElo "2388"]
[WhiteTeam "Marseille Migraines"]
[BlackTeam "Barcelona Raptors"]
[WhiteFideId "608742"]
[BlackFideId "2276119"]
[EventDate "2019.01.08"]

1. e4 e5 2. Nf3 Nc6 3. Bc4 Nf6 4. d3 h6 5. O-O d6 6. c3 g5 7. d4 g4 8. Nfd2 Qe7
9. Bb5 Bd7 10. d5 Nd8 11. a4 h5 12. Na3 Bh6 13. Qe2 c6 14. Bc4 cxd5 15. exd5
Bxa4 16. Bb5+ Bxb5 17. Qxb5+ Kf8 18. Nac4 a6 19. Qb6 Nxd5 20. Qxd6 Qxd6 21. Nxd6
Nf4 22. Rd1 Nde6 23. Nf5 Nc5 24. Nxh6 Rxh6 25. Nc4 Ne2+ 26. Kf1 Nxc1 27. Raxc1
Re6 28. Rd5 Rc8 29. Nxe5 Rxe5 30. Rxe5 Nd3 31. Rxh5 1-0

[Event "PRO League Group Stage"]
[Site "chess.com INT"]
[Date "2019.02.28"]
[Round "8"]
[White "Forcen Esteban, Daniel"]
[Black "Moussard, Jules"]
[Result "0-1"]
[WhiteTitle "GM"]
[BlackTitle "GM"]
[WhiteElo "2567"]
[BlackElo "2605"]
[WhiteTeam "Barcelona Raptors"]
[BlackTeam "Marseille Migraines"]
[WhiteFideId "2288230"]
[BlackFideId "642908"]
[EventDate "2019.01.08"]

1. Nf3 b6 2. g3 Bb7 3. Bg2 g6 4. O-O Bg7 5. c4 c5 6. Nc3 Nf6 7. d4 cxd4 8. Qxd4
d6 9. Qh4 h6 10. g4 Nbd7 11. g5 hxg5 12. Qxg5 Rc8 13. Qf4 Ne5 14. Nxe5 dxe5 15.
Qxe5 Bxg2 16. Kxg2 Rxc4 17. Qb5+ Qd7 18. Qxd7+ Nxd7 19. h3 Bxc3 20. bxc3 Rh5 21.
Bd2 Rd5 22. Rfd1 Ra4 23. a3 Ne5 24. Kf1 Nc4 25. Ke1 Rxa3 26. Rxa3 Nxa3 27. e4
Rb5 28. Ke2 Nc4 29. Bf4 Rb2+ 30. Kd3 b5 31. Bg3 a5 32. Kd4 a4 33. Kc5 a3 34. Ra1
a2 35. Bf4 0-1

[Event "PRO League Group Stage"]
[Site "chess.com INT"]
[Date "2019.02.28"]
[Round "8"]
[White "Asis Gargatagli, Hipolito"]
[Black "Maurizzi, Marc Andria"]
[Result "1-0"]
[WhiteTitle "IM"]
[BlackTitle "CM"]
[WhiteElo "2529"]
[BlackElo "2028"]
[WhiteTeam "Barcelona Raptors"]
[BlackTeam "Marseille Migraines"]
[WhiteFideId "2260735"]
[BlackFideId "36083534"]
[EventDate "2019.01.08"]

1. e4 e6 2. d4 d5 3. Nc3 Nf6 4. Bg5 dxe4 5. Nxe4 Be7 6. Bxf6 gxf6 7. Nf3 f5 8.
Nc3 Qd6 9. Qd2 a6 10. O-O-O b5 11. Qe3 Nd7 12. d5 Bf6 13. dxe6 Qxe6 14. Qd2 Kf8
15. Nd5 Bg7 16. Kb1 Qd6 17. Qg5 Nf6 18. Ne3 Qb4 19. Rd8+ Ne8 20. Rxe8+ Kxe8 21.
Qxg7 Qf8 22. Qe5+ Be6 23. Nd5 Rd8 24. Nxc7+ Ke7 25. Bd3 Rd7 26. Bxf5 Qd8 27.
Qc5+ Kf6 28. Qc3+ Kxf5 29. g4+ Kg6 30. Ne5+ Kh6 31. Nxd7 Bxd7 32. g5+ Kg6 33.
Nd5 Bf5 34. Ne3 Be4 35. Rd1 Qe8 36. Qf6+ 1-0

[Event "PRO League Group Stage"]
[Site "chess.com INT"]
[Date "2019.02.28"]
[Round "8"]
[White "Klein, David"]
[Black "Mons, Leon"]
[Result "1-0"]
[WhiteTitle "GM"]
[BlackTitle "GM"]
[WhiteElo "2492"]
[BlackElo "2544"]
[WhiteTeam "Amsterdam Mosquitoes"]
[BlackTeam "Berlin Bears"]
[WhiteFideId "1003623"]
[BlackFideId "4614950"]
[EventDate "2019.01.08"]

1. e4 g6 2. d4 Bg7 3. Nc3 d6 4. Be3 a6 5. Qd2 b5 6. h4 h6 7. f4 h5 8. Nf3 Nf6 9.
Bd3 Ng4 10. e5 d5 11. Nd1 Bf5 12. Nf2 Qc8 13. a4 bxa4 14. Rxa4 Bxd3 15. Nxd3 Nd7
16. b3 O-O 17. O-O f6 18. Qe2 Bh6 19. Bd2 c5 20. exf6 exf6 21. Qe6+ Kg7 22. dxc5
Re8 23. Qxd5 Nf8 24. Re4 Rxe4 25. Qxe4 Ra7 26. Re1 Rf7 27. Bc3 Nd7 28. Bd4 Nb8
29. Qe6 Qc7 30. Ng5 Bxg5 31. hxg5 Nc6 32. Bc3 Kh7 33. gxf6 Nb4 34. Bxb4 Rxf6 35.
Qe7+ 1-0

[Event "PRO League Group Stage"]
[Site "chess.com INT"]
[Date "2019.02.28"]
[Round "8"]
[White "Admiraal, Miguoel"]
[Black "Osmanodja, Filiz"]
[Result "1-0"]
[WhiteTitle "IM"]
[BlackTitle "WIM"]
[WhiteElo "2478"]
[BlackElo "2318"]
[WhiteTeam "Amsterdam Mosquitoes"]
[BlackTeam "Berlin Bears"]
[WhiteFideId "1019716"]
[BlackFideId "24633569"]
[EventDate "2019.01.08"]

1. c3 e5 2. d4 exd4 3. cxd4 d5 4. Nc3 Nf6 5. Bg5 Be7 6. e3 O-O 7. Bd3 h6 8. Bh4
c6 9. Qc2 Re8 10. Nge2 Ne4 11. Bxe7 Qxe7 12. Ng3 Nxc3 13. bxc3 Bg4 14. O-O Nd7
15. Rae1 Nf6 16. f3 Be6 17. e4 c5 18. e5 Nd7 19. f4 c4 20. Bh7+ Kh8 21. f5 Nf8
22. fxe6 Nxh7 23. exf7 Rf8 24. Qg6 Ng5 25. h4 Qe6 26. Qf5 Qxf5 27. Nxf5 Nxf7 28.
e6 g6 29. Ne7 Nd6 30. Nxg6+ Kg7 31. Nxf8 Rxf8 32. Re5 Rxf1+ 33. Kxf1 Kf6 34. Ke2
Ke7 35. g4 Ne4 36. Rxe4 dxe4 37. d5 b5 38. g5 hxg5 39. hxg5 a5 40. g6 Kf6 41. d6
Kxe6 42. g7 Kf7 43. d7 1-0